Tutti i numeri 9 dell'Ac Milan dal 1985 ad oggi - Statistics

Statistiche generali
  • Questo quiz è stato fatto 97 volte
  • Il punteggio medio è 13 su 44
Statistiche sulle risposte
Anni Risposta % Corretto
2021-2024 Olivier Giroud
95%
2001-2012 Filippo Inzaghi
90%
2026 Niclas Fullkrug
86%
1987-1993 Marco Van Basten
71%
2014 Fernando Torres
69%
2017-2018 Andrè Silva
62%
2018-2019 Gonzalo Higuain
60%
2015-2016 Luiz Adriano
56%
2024-2025 Luka Jovic
53%
2019-2020 Krzysztof Piatek
52%
2012-2013 Alexandre Pato
49%
2015 Mattia Destro
47%
2020-2021 Mario Mandzukic
42%
2013-2014 Alessandro Matri
38%
2016-2017 Gianluca Lapadula
38%
1998-2000 George Weah
36%
1996-1997 George Weah
36%
1992-1993 Daniele Massaro
29%
1989-1990 Daniele Massaro
29%
1987-1988 Daniele Massaro
29%
1992-1993 Dejan Savicevic
25%
1989-1990 Marco Simone
25%
1992-1993 Jean-Pierre Papin
23%
1995 Roberto Baggio
22%
1885-1889 Pietro Paolo Virdis
21%
2000-2001 Gianni Comandini
19%
1993-1994 Roberto Donadoni
12%
1986-1988 Roberto Donadoni
12%
1992-1993 Zvonimir Boban
10%
1997-1998 Patrick Kluivert
9%
1991-1992 Aldo Serena
5%
1994 Gianluigi Lentini
4%
1992-1993 Gianluigi Lentini
4%
1994-1995 Paolo Di Canio
4%
1993-1994 Florin Raducioiu
1%
1989-1990 Stefano Borgonovo
1%
1995 Stefano Eranio
1%
1994-1995 Alessandro Melli
0%
1993-1994 Brian Laudrup
0%
1994 Gianluca Sordo
0%
1994-1995 Giovanni Stroppa
0%
1986-1987 Giuseppe Galderisi
0%
1988-1989 Massimiliano Cappellini
0%
1990-1991 Massimo Agostini
0%
Nessun quiz corrispondente trovato
Distribuzione punteggi
Percentuale di utenti per punteggio
Percentile per numero di risposta
I tuoi punteggi nel tempo
Non hai fatto questo quiz